| 000 | 00699nam a2200229 i 4500 | ||
|---|---|---|---|
| 001 | 145557 | ||
| 003 | ES-MaACL | ||
| 007 | t| | ||
| 008 | 071015s1985 sp ||||1| spa d | ||
| 020 | _a84-7222-194-6 | ||
| 100 | 1 |
_aVentura, Núria. _9113920 |
|
| 245 | 1 | 0 |
_aGuía práctica para bibliotecas infantiles y escolares / _cNuria Ventura. |
| 250 | _a2ª ed. | ||
| 260 |
_aBarcelona : _bLaia, _c1985. |
||
| 300 |
_a147 p. ; _c20 cm. |
||
| 490 | 1 |
_aCuadernos de pedagogía ; _v17 |
|
| 650 | 1 | 4 |
_aBibliotecas infantiles. _910545 |
| 650 | 1 | 4 |
_aBibliotecas escolares. _910544 |
| 830 | 0 |
_aCuadernos de pedagogía ; _v17 _9187408 |
|
| 852 |
_aES-MaACL _jL-8457 _bR.109046 |
||
| 999 |
_c145557 _d145557 |
||